000 00449nam a22001577a 4500
999 _c525227
_d525227
003 NUST
038 _aMr.Zahoor
082 _a620.1
100 _aSohail, Iqbal
_915972
245 _aDESIGN AND STUDY OF FLAPPING MECHANISM WITH ASYMMETRIC FREQUENCIES /
_cSohail Iqbal
260 _aIslamabad :
_bCEME- NUST,
_c2012.
300 _aviii, 64 p. : ill. ;
_c30cm.
500 _aHardcover.
600 _2Mechanical Engineering - MS Thesis.
942 _cTHE